| 000 | 00466nam a22001577a 4500 | ||
|---|---|---|---|
| 020 | _a9780471457275 | ||
| 040 | _cNust | ||
| 082 |
_a621.4022 _bINT |
||
| 100 |
_aIncropera, P Frank _9123458 |
||
| 110 |
_aBergman, L Theodore, Dewitt, P David, Lavine, S Adrienne _9123459 |
||
| 245 | _aIntroduction To Heat Transfer | ||
| 250 | _a5th Edition | ||
| 260 |
_aUSA: _bJohn Wiley & Sons Inc, _c2007. |
||
| 650 |
_aIntroduction To Heat Transfer _9123460 |
||
| 942 |
_2ddc _cBK |
||
| 999 |
_c609643 _d609643 |
||